000
00325 a2200157 4500
001
174919
020
_a
040
_c
Magnum
100
_a
Carvalho, Mercedes Penna
240
1
0
_a
A rifa da girafa-fifa
_l
por
245
1
0
_a
A rifa da girafa-fifa
362
0
_a
1899
440
1
_a
RHJ
697
_a
I/ANIMAIS
942
_c
BK
999
_c
174919
_d
174919